000
00309nam a2200109Ia 4500
008
200302s9999 xx 000 0 und d
100
_a
Christian Hauvette & Others
245
_a
Christian Hauvette- Dwellings-Monuments-Machines/ Truth-Metaphor-Narrative
260
_b
Birkhauser
260
_c
2000
300
_a
157
999
_c
4425
_d
4425